Richard Rogers

Αποθηκεύτηκε σε:
Λεπτομέρειες βιβλιογραφικής εγγραφής
Συγγραφή απο Οργανισμό/Αρχή: Richard Rogers Partnership (Συγγραφέας)
Μορφή: Βιβλίο
Γλώσσα:Ισπανικά
Έκδοση: Barcelona Loft 2005
Θέματα:
Ετικέτες: Προσθήκη ετικέτας
Δεν υπάρχουν, Καταχωρήστε ετικέτα πρώτοι!

MARC

LEADER 00000nam a2200000 a 4500
001 UCG0244
003 CL-VaPUC
008 100318e20050000SP |||||||||||||||||spa|d
020 |a 8495832496 
082 0 4 |a 724.7  |b RIC  |2 21 
110 2 |a Richard Rogers Partnership  |e author  |9 547586 
245 1 0 |a Richard Rogers 
300 |a 90 p 
942 |c BK 
945 |d 20100318 00:00:00  |a rbrito 
260 |a Barcelona  |b Loft  |c 2005 
650 0 |a Arquitectura moderna  |9 265021 
650 0 |a Diseño arquitectónico   |9 265271 
650 0 |a Construcción de edificios   |9 389370 
583 |a last modification  |c 20121105 04:33:41  |k Rodrigo Vera 
999 |c 339932  |d 339930 
952 |0 0  |1 0  |4 0  |6 724_700000000000000_RIC_2005  |7 0  |8 A  |9 434197  |a BIBARQ  |b BIBARQ  |d 2019-11-22  |i 4651766  |l 1  |o 724.7 RIC 2005  |p 4651766  |r 2024-10-14  |s 2024-10-14  |w 2019-11-22  |y BK  |k ARQ